000
00247nam a2200097Ia 4500
001
1252630
005
20251031150938.0
008
251031s9999 xx 000 0 und d
245
0
_c
ANONİM
_a
U-3 KAPLAN İLE ASLAN
260
_b
MARTI ÇOCUK YAYINLARI
999
_c
1252630
_d
1252630